000 00941cam a2200313 4500
001 4101963
003 OSt
005 20140310181654.0
008 730611s1973 nyu j 000 1 eng
010 _a 74180113
020 _a0380700239
_a038502763X (prebound)
040 _aDLC
_cDLC
_dDLC
042 _alcac
050 0 0 _aPZ 7
_b.T238 1973
082 0 0 _aKF
_bT21m 1973
100 1 _aTaylor, Theodore,
_d1921-2006.
_94413
245 1 4 _aThe Maldonado miracle. /
_cTaylor, Theodore,
250 _a[1st ed.]
260 _aGarden City, N.Y.,
_bDoubleday
_cc1973.
300 _a189 p.
_c22 cm.
350 _a$4.50
520 _aA twelve-year-old Mexican crosses the border illegally to join his father in California.
541 _j1
562 _e1
650 1 _aMexican Americans
_xFiction.
_94414
650 1 _aMigrant labor
_xFiction.
_94415
906 _a7
_bcbc
_corignew
_d2
_encip
_f19
_gy-gencatlg
942 _2lcc
_cBK-KF
_kKF
999 _c1058
_d1058